Statistics for Highest Scoring NBA Players of the 1990s

Click here to take the quiz!

General Stats

  • This quiz has been taken 34 times
  • The average score is 13 of 20

Answer Stats

PointsPlayer% Correct
18,014Michael Jordan
100%
12,357Clifford Robinson
97%
16,715David Robinson
97%
21,370Karl Malone
97%
12,343Shaquille O'Neal
97%
14,040Scottie Pippen
94%
16,484Hakeem Olajuwon
90%
16,914Patrick Ewing
84%
12,711Clyde Drexler
77%
14,852Charles Barkley
74%
12,452Shawn Kemp
74%
16,319Reggie Miller
68%
12,826Tim Hardaway
65%
12,155Chris Mullin
55%
12,354Joe Dumars
52%
16,613Mitch Richmond
35%
15,371Glen Rice
26%
12,404Detlef Schrempf
23%
12,447Jeff Hornacek
19%
12,611Hersey Hawkins
6%

Score Distribution

Percentile by Number Answered

Percent of People with Each Score

Your Score History

You have not taken this quiz